A short meditation on the moral glory of the Lord Jesus Christ / (Record no. 5629)
[ view plain ]
| 000 -LEADER | |
|---|---|
| fixed length control field | 00770nam a2200253Ia 4500 |
| 001 - CONTROL NUMBER | |
| control field | 30880 |
| 003 - CONTROL NUMBER IDENTIFIER | |
| control field | GBCCL |
| 005 - DATE AND TIME OF LATEST TRANSACTION | |
| control field | 20241126110546.0 |
| 008 - FIXED-LENGTH DATA ELEMENTS--GENERAL INFORMATION | |
| fixed length control field | 820415q19001932nyu 000 0 eng d |
| 035 ## - SYSTEM CONTROL NUMBER | |
| System control number | (OCoLC)08337806 |
| 040 ## - CATALOGING SOURCE | |
| Original cataloging agency | IHT |
| Transcribing agency | IHT |
| 049 ## - | |
| -- | LBBK |
| 082 ## - DEWEY DECIMAL CLASSIFICATION NUMBER | |
| Classification number | 232 |
| Item number | BEL |
| 092 ## - LOCALLY ASSIGNED DEWEY CALL NUMBER (OCLC) | |
| Classification number | 232 |
| Item number | B442 |
| 100 1# - MAIN ENTRY--PERSONAL NAME | |
| Personal name | Bellett, John Gifford, |
| Dates associated with a name | 1795-1864. |
| 9 (RLIN) | 10183 |
| 245 12 - TITLE STATEMENT | |
| Title | A short meditation on the moral glory of the Lord Jesus Christ / |
| Statement of responsibility, etc. | by J.G. Bellett. |
| 250 ## - EDITION STATEMENT | |
| Edition statement | 12th ed. |
| 260 ## - PUBLICATION, DISTRIBUTION, ETC. | |
| Place of publication, distribution, etc. | Bombay : |
| Name of publisher, distributor, etc. | Gospel literature service, |
| Date of publication, distribution, etc. | 1975 |
| 300 ## - PHYSICAL DESCRIPTION | |
| Extent | 80 p. ; |
| Dimensions | 19 cm. |
| 500 ## - GENERAL NOTE | |
| General note | On cover: The moral glory of the Lord Jesus. |
| 600 00 - SUBJECT ADDED ENTRY--PERSONAL NAME | |
| Personal name | Jesus Christ |
| General subdivision | Character |
| -- | Meditations. |
| 9 (RLIN) | 10184 |
| 740 41 - | |
| -- | The moral glory of the Lord Jesus. |
| 942 ## - ADDED ENTRY ELEMENTS (KOHA) | |
| Source of classification or shelving scheme | Dewey Decimal Classification |
| Koha item type | Books |
| Withdrawn status | Lost status | Source of classification or shelving scheme | Damaged status | Not for loan | Home library | Current Library | Shelving location | Date acquired | Total checkouts | Full call number | Barcode | Date last seen | Copy number | Price effective from | Koha item type |
|---|---|---|---|---|---|---|---|---|---|---|---|---|---|---|---|
| Dewey Decimal Classification | GRACE BIBLE COLLEGE | GRACE BIBLE COLLEGE | Theology | 2018-04-02 | 232 BEL | 000531 | 2025-05-01 | c.1 | 2018-04-02 | Books | |||||
| Dewey Decimal Classification | GRACE BIBLE COLLEGE | GRACE BIBLE COLLEGE | Theology | 2018-05-04 | 232 BEL | 000532 | 2025-05-01 | c.2 | 2018-05-04 | Books |